[Event "Paleochora op 7th"]
[Site "Paleochora"]
[Date "2014.07.21"]
[Round "1"]
[White "Stopa, Jacek"]
[Black "Aggelaki, Stamatina"]
[Result "1-0"]
[WhiteElo "2482"]
[BlackElo "1640"]
[PlyCount "77"]
[EventDate "2014.07.21"]
[EventType "swiss"]
[EventRounds "9"]
[EventCountry "GRE"]
[SourceTitle "CBM 161 Extra"]
[Source "ChessBase"]
[SourceDate "2014.08.29"]
[SourceVersion "1"]
[SourceVersionDate "2014.08.29"]
[SourceQuality "1"]

1. c4 c5 2. Nf3 Nf6 3. Nc3 Nc6 4. d4 cxd4 5. Nxd4 g6 6. e4 d6 7. Nc2 Bg7 8. Be2 0-0 9. 0-0 Bd7 10. Rb1 Rc8 11. Kh1 Ne5 12. Ne3 Bc6 13. f3 b6 14. Bd2 Ba8 15. b4 Nc6 16. Qa4 Qd7 17. Rfc1 Nd4 18. Qxd7 Nxd7 19. Bf1 Nf6 20. Kg1 Rb8 21. a4 Rfc8 22. Nb5 Nxb5 23. axb5 Rc7 24. Bc3 Rd8 25. Ra1 Rdd7 26. Kf2 Nh5 27. g3 Bxc3 28. Rxc3 Ng7 29. Rd3 f5 30. exf5 Nxf5 31. Bh3 e6 32. Rad1 Kf7 33. Bxf5 exf5 34. Rxd6 Ke7 35. R6d2 Rxd2+ 36. Rxd2 Rd7 37. Ra2 Kd8 38. c5 bxc5 39. bxc5 1-0

[Event "GRE-ch U14 Girls"]
[Site "Chania"]
[Date "2003.04.23"]
[Round "6"]
[White "Ntiloudi, Despina"]
[Black "Aggelaki, Stamatina"]
[Result "1-0"]
[WhiteElo "1725"]
[BlackElo "1610"]
[PlyCount "119"]
[EventDate "2003.04.??"]
[EventType "swiss"]
[EventRounds "7"]
[EventCountry "GRE"]
[SourceTitle "EXT 2005"]
[Source "ChessBase"]
[SourceDate "2004.11.15"]
[SourceVersion "1"]
[SourceVersionDate "2004.11.15"]
[SourceQuality "1"]

1. d4 Nf6 2. c4 c5 3. d5 b5 4. cxb5 a6 5. b6 Qxb6 6. Nc3 d6 7. e4 g6 8. Be2 Bg7 9. Nf3 0-0 10. 0-0 Nbd7 11. Qc2 Qc7 12. h3 Nb6 13. Be3 Bd7 14. Rad1 Qb7 15. Nd2 Bb5 16. f4 Bxe2 17. Nxe2 Qd7 18. Nc3 Rab8 19. b3 a5 20. Nf3 Ra8 21. e5 Ne8 22. Rfe1 Nc7 23. Qd2 Rfd8 24. Bf2 Re8 25. Re2 Rad8 26. Re3 Nb5 27. Rd3 Nxc3 28. Qxc3 Ra8 29. Qc2 Qb5 30. Qd2 a4 31. Kh1 Nd7 32. Re1 axb3 33. Rxb3 Qa6 34. Re2 Nb6 35. Qd1 Nd7 36. Qe1 Qc4 37. exd6 Qxd5 38. dxe7 Qd6 39. Bg3 f5 40. Re6 Qc7 41. Qd2 Bf6 42. Rd3 Ra7 43. Red6 Rxe7 44. Bf2 Kg7 45. R3d5 Rb7 46. Qc1 Ra7 47. a3 Ra5 48. Nd2 Rb5 49. Nc4 Rb7 50. Qd2 Rb1+ 51. Kh2 Rb7 52. a4 Ra7 53. a5 Nb8 54. Rxc5 Qb7 55. Rcd5 Ra6 56. Nb6 Qc7 57. Rc5 Qb7 58. Bd4 Bxd4 59. Qxd4+ Kg8 60. Rc8+ 1-0

[Event "GRE-ch U14 Girls"]
[Site "Chania"]
[Date "2003.04.20"]
[Round "2"]
[White "Tsarouha, Menexenia"]
[Black "Aggelaki, Stamatina"]
[Result "1/2-1/2"]
[WhiteElo "1620"]
[BlackElo "1610"]
[PlyCount "62"]
[EventDate "2003.04.??"]
[EventType "swiss"]
[EventRounds "7"]
[EventCountry "GRE"]
[SourceTitle "EXT 2005"]
[Source "ChessBase"]
[SourceDate "2004.11.15"]
[SourceVersion "1"]
[SourceVersionDate "2004.11.15"]
[SourceQuality "1"]

1. c4 e5 2. Nc3 Nc6 3. Nf3 Nf6 4. g3 Bc5 5. Bg2 0-0 6. 0-0 d6 7. a3 a5 8. Rb1 Be6 9. d3 h6 10. Bd2 Qd7 11. Re1 Rfd8 12. Na4 Ba7 13. b4 axb4 14. axb4 Bh3 15. Bh1 Kh7 16. Nc3 Nh5 17. Qc2 g6 18. Qc1 Qg4 19. Nd5 f5 20. Bxh6 f4 21. Ng5+ Kxh6 22. Nf7+ Kg7 23. Nxd8 fxg3 24. Ne6+ Qxe6 25. hxg3 Rf8 26. c5 Qf7 27. Qe3 Nd4 28. Rec1 c6 29. Nb6 Bxb6 30. cxb6 Qf5 31. Be4 Qg4 1/2-1/2

[Event "GRE-ch U12 Girls"]
[Site "Greece"]
[Date "2001.04.10"]
[Round "5"]
[White "Aggelaki, Stamatina"]
[Black "Vourtsa, Georgia"]
[Result "0-1"]
[WhiteElo "1425"]
[BlackElo "1550"]
[PlyCount "58"]
[EventDate "2001.04.??"]
[EventType "swiss"]
[EventRounds "7"]
[EventCountry "GRE"]
[SourceTitle "EXT 2003"]
[Source "ChessBase"]
[SourceDate "2002.11.25"]
[SourceVersion "1"]
[SourceVersionDate "2002.11.25"]
[SourceQuality "1"]

1. e4 c5 2. Nf3 e6 3. d4 cxd4 4. Nxd4 Nf6 5. Nc3 Nc6 6. Be3 Bb4 7. Bd3 0-0 8. 0-0 d5 9. exd5 Nxd5 10. Nxd5 Qxd5 11. Nb3 b6 12. c4 Qe5 13. Qc2 h6 14. Nd2 Bd6 15. Nf3 Qh5 16. h3 Bb7 17. Qe2 f5 18. Nd4 Qg6 19. f3 Qg3 20. f4 Nxd4 21. Bxd4 Rae8 22. Be3 Bxg2 23. Qxg2 Qxe3+ 24. Qf2 Qxd3 25. Rfd1 Qxh3 26. Rxd6 Rf6 27. Qh2 Rg6+ 28. Kh1 Qf3+ 29. Qg2 Qxg2# 0-1

[Event "GRE-ch U12 Girls"]
[Site "Greece"]
[Date "2001.04.09"]
[Round "4"]
[White "Aggelaki, Stamatina"]
[Black "Tsarouha, Marianthi"]
[Result "1-0"]
[WhiteElo "1425"]
[BlackElo "1400"]
[PlyCount "59"]
[EventDate "2001.04.??"]
[EventType "swiss"]
[EventRounds "7"]
[EventCountry "GRE"]
[SourceTitle "EXT 2003"]
[Source "ChessBase"]
[SourceDate "2002.11.25"]
[SourceVersion "1"]
[SourceVersionDate "2002.11.25"]
[SourceQuality "1"]

1. e4 c5 2. Nf3 d6 3. d4 cxd4 4. Nxd4 Nf6 5. Nc3 g6 6. Bg5 Bg7 7. Qd2 0-0 8. 0-0-0 Nc6 9. Bc4 Bd7 10. f3 Rc8 11. g4 Nxd4 12. Qxd4 Nxg4 13. Qg1 Rxc4 14. fxg4 Bxc3 15. bxc3 Rxc3 16. Qxa7 Qc8 17. Rd2 Bxg4 18. Qd4 Qc4 19. Qxc4 Rxc4 20. Bxe7 Ra8 21. Kb1 Bf3 22. Rf1 Bxe4 23. Bxd6 Ra6 24. Be5 Rb6+ 25. Kc1 Rc8 26. Rf4 Bf5 27. Rfd4 h5 28. Rd8+ Rxd8 29. Rxd8+ Kh7 30. Rh8# 1-0

[Event "GRE-ch U12 Girls"]
[Site "Greece"]
[Date "2001.04.08"]
[Round "3"]
[White "Oikonomopoulou, Maria"]
[Black "Aggelaki, Stamatina"]
[Result "1-0"]
[WhiteElo "1565"]
[BlackElo "1425"]
[PlyCount "37"]
[EventDate "2001.04.??"]
[EventType "swiss"]
[EventRounds "7"]
[EventCountry "GRE"]
[SourceTitle "EXT 2003"]
[Source "ChessBase"]
[SourceDate "2002.11.25"]
[SourceVersion "1"]
[SourceVersionDate "2002.11.25"]
[SourceQuality "1"]

1. e4 c5 2. Nc3 g6 3. g3 Bg7 4. Bg2 Nc6 5. d3 Nf6 6. f4 d6 7. Nf3 0-0 8. 0-0 Be6 9. Nh4 Qd7 10. f5 gxf5 11. exf5 Bd5 12. Nxd5 Nxd5 13. Bxd5 Kh8 14. Qh5 Ne5 15. f6 exf6 16. Be4 Ng6 17. Nxg6+ fxg6 18. Bxg6 Bh6 19. Qxh6 1-0